000 00443nam a22001817a 4500
005 20250521132200.0
008 250521b |||||||| |||| 00| 0 eng d
020 _a0072823402
050 _aHB172
_b.5 HB DOR
100 _aDornbusch, Rudiger
245 _aMacroeconomics
250 _a9th
260 _aBoston
_bMcGraw-Hill
_cc2004
300 _axxii, 613p
700 _aFischer, Stanley
700 _aStartz, Richard
942 _2lcc
_cBK
_n0
999 _c5895
_d5895